000 00624nam a22002057a 4500
003 SISC
005 20160331153644.0
008 130815t xxu||||| |||| 00| 0 eng d
020 _a0811412989
050 _aLB 1603
_b.G326 1986
082 _aHS 373.076
_bG26 1986
100 _aGearing, Philip J.
_910647
245 _aGeneral review :
_bpreparation for high school equivalency /
_cPhilip J. Gearing
260 _aTexas :
_bSteck-Vaughn Co,
_cc1986.
300 _a175 p. :
_bill. ;
_c28 cm.
650 _aGED test
_910648
650 _aTest and measurement
_xSecondary level
_910649
942 _2lcc
_cBK
999 _c8664
_d8664